000 00677nam a2200289Ia 4500
005 20260324150530.0
008 008 260324s9999 xx 000 0 eng d
020 _a9781315127507
037 _aEBOOK
040 _aCRL
040 _beng
040 _cCRL
041 _2eng
041 _aeng
084 _qCRL
100 _aI.K. Davies
_91226743
245 0 _aProgrammed Learning in Perspective
245 2 _bA Guide to Program Writing
260 _bTaylor and Francis
260 _c1963
365 _a
365 _b230
856 _uhttp://www.taylorfrancis.com/books/9781315127507
942 _cEBOOK
999 _c1836344
_d1836344